| 000 | 01291naa a22003257a 4500 | ||
|---|---|---|---|
| 001 | BR7901099 | ||
| 003 | BR-BrBNA | ||
| 005 | 20240918174321.0 | ||
| 007 | ta | ||
| 008 | 230509b bl.||||| |||| 00| 0 por d | ||
| 040 |
_aBR-BrBNA _bpor _cBiblioteca Nacional de Agricultura |
||
| 041 | _a(Pt) | ||
| 072 |
_aH10 _b1440 _b3575 _b4020 _bG514 |
||
| 090 | _aH10 BR7901099 | ||
| 100 | 1 | _aSantos, J.H.R. dos | |
| 100 | 1 | _aTeofilo, E.M. | |
| 100 | 1 | _aOliveira, F.J. de | |
| 245 | 1 | _aPercentagens de sementes de cultivares de feijao-de-corda, Vigna sinensis (L.)Savi, atacadas pelo Chalcodermus bimaculatus Fiedler, 1936 (Col., circ.)segunda lista [manhoso, Ceara, Brasil] | |
| 260 | 3 |
_aFortaleza, CE (Brasil): _c1978. |
|
| 500 | _aConvenio SUDENE/UFC. Programa de pesquisa com a cultura do feijoeiro. Relatorio de pesquisa 1977 Fortaleza, CE (Brasil): 1978. p. 58-67 (BR7901099-AM)H10 | ||
| 650 | _aFEIJAO DE CORDA | ||
| 650 | _aPRAGA DE PLANTA | ||
| 650 | _aMANHOSO | ||
| 650 | _aSEMENTE | ||
| 650 | _aCOMPETICAO DE VARIEDADE | ||
| 650 | _aCEARA | ||
| 773 | 0 |
_tConvenio SUDENE/UFC. Programa de pesquisa com a cultura do feijoeiro. Relatorio de pesquisa 1977 _wH10 BR7901099 _gFortaleza, CE (Brasil), 1978. p. 58-67 |
|
| 909 |
_a202404 _bLucia _c55 _dLucia Elande |
||
| 942 |
_cAM _2AGRIS |
||
| 999 |
_c310339 _d310339 |
||